China Global Cities - Statistics

General Stats
  • This quiz has been taken 48 times
  • The average score is 29 of 38
Answer Stats
Hint Answer % Correct
Alpha+ Beijing
100%
Alpha- Guangzhou
100%
Alpha+ Shanghai
100%
Beta+ Chengdu
98%
Alpha- Shenzhen
98%
Beta Tianjin
98%
Beta Chongqing
95%
Gamma+ Qingdao
95%
Beta- Wuhan
95%
Beta- Xi'an
95%
Beta Hangzhou
93%
Alpha+ Hong Kong
93%
Gamma- Harbin
90%
Beta Nanjing
90%
Beta- Shenyang
90%
Beta- Xiamen
90%
Beta- Dalian
88%
Beta- Changsha
85%
Gamma+ Kunming
85%
Sufficiency Ürümqi
85%
Gamma+ Hefei
76%
Sufficiency Changchun
73%
Gamma- Fuzhou
73%
Beta- Jinan
73%
Sufficiency Nanning
71%
High Sufficiency Ningbo
71%
Beta- Zhengzhou
71%
High Sufficiency Macau
68%
Gamma+ Suzhou
68%
Sufficiency Shijiazhuang
59%
Sufficiency Lanzhou
56%
Sufficiency Wuxi
56%
Sufficiency Nanchang
54%
Gamma- Taiyuan
49%
Sufficiency Guiyang
44%
Sufficiency Hohhot
39%
Gamma Haikou
37%
Sufficiency Zhuhai
24%
No matching quizzes found
Score Distribution
Percent of People with Each Score
Percentile by Number Answered
Your Score History
You have not taken this quiz